000 00462nam a2200169Ia 4500
003 GCL
008 140319s9999 xx 000 0 ara d
040 _aGCL /
_cGCL
082 0 4 _a416
_bع م
100 1 _aعمر الاسعد
245 1 0 _aمعالم العروض والقافية /
_cعمر الاسعد
300 _a234 ص
490 _a100 قصة
_v0
650 0 4 _aاللغة العربية
650 0 4 _aالعروض والقوافى
942 _2ddc
_cBK
999 _c43860
_d43860